LEADER 01173nam a2200301 u 4500 001 000000063798 003 CaOOAMICUS 005 20070226121303.0 008 011107s1988 it u000 u ita u 020 $a8831132385 035 $a10909128 040 $aPUL(R)$bita 245 00$aDialogo fra le culture :$bchiesa e umanesimo planetario /$cA.M. Baggio ... [et al.]. 260 $aRoma :$bCittà Nuova,$c1988. 300 $a131 p. ;$c20 cm 490 1 $aContributi di teologia 500 $aContiene indice. 504 $aBibliografia in nota. 650 4$aEcumenismo.$0(OLS)http://pul/subject/995 700 1 $aBaggio, Antonio Maria.$0(OLS)http://pul/name/33432 830 0$aContributi di teologia.$0(OLS)http://pul/title/23834 850 $aPUL 852 $aPUL$W1$xSL Religione 1$y3$m75 O 58$j82746$nBK-PRI$b $qStampati$B82746$CPULBib$Z2$F82746 $H $81 941 1 $a8 961 $aINV: 60238 996 $6020$a8831132385$9(OLS)http://pul/number/82805 996 $6245$aDialogo fra le culture :$bchiesa e umanesimo planetario$9(OLS)http://pul/title/85048 996 $6260$aRoma :$bCittà Nuova$9(OLS)http://pul/publisher/47927 LEADER 01527nam a2200349 u 4500 001 000000071920 003 CaOOAMICUS 005 20070226122202.0 008 020607s2001 it u000 u ita u 020 $a8882942716 035 $a10932499 040 $aPUL$bita 110 1 $aItalia.$0(OLS)http://pul/name/1188 240 10$aLeggi, ecc.$9(Italia).$0(OLS)http://pul/title/1565 245 13$aIl codice della protezione civile /$ca cura di Francesco Bartolini, ... [et al.]. 250 $a3. ed. 260 $aPiacenza :$bLa tribuna,$c2001. 300 $a734 p. ;$c24 cm 490 1 $a2002 i codici vigenti e le leggi speciali 650 4$aDiritto pubblico$zItalia.$0(OLS)http://pul/subject/5771 700 1 $aBartolini, Francesco,$d1942-$0(OLS)http://pul/name/35926 830 0$a2002 i codici vigenti e le leggi speciali.$0(OLS)http://pul/title/90419 850 $aPUL 852 $aPUL$W1$xDP2 Cons. Gen., Altre Classi 1$y61$m1379 B 13$j93019$nBK-PRI$qStampati$B93019$CPULBib$Z2$F93019 $H87094 $82 852 $aPUL$W1$xDP2 Diritto e Scienze Sociali 2$y100$mUtrCiv E 30$j93020$nBK-PRI$qStampati Altre Collocazioni$B93020$CPULBib$Z2$F93020 $H87095 $82 941 1 $a8 941 1 $a10 961 $aINV: 87094 961 $aINV: 87095 996 $6020$a8882942716$9(OLS)http://pul/number/92883 996 $6245$aIl codice della protezione civile$9(OLS)http://pul/title/94649 996 $6260$aPiacenza :$bLa tribuna$9(OLS)http://pul/publisher/62750